| 000 | 00866cam a2200253 a 4500 | ||
|---|---|---|---|
| 001 | 000005608 | ||
| 005 | 20200929151725.0 | ||
| 008 | 940301s1985 sp a | 000 d spa d | ||
| 020 | _a8420726346 | ||
| 040 |
_aDO-SdBNP _bspa _cBNPHU |
||
| 082 |
_a862.4 _bF363s |
||
| 100 | 1 |
_aFernández de Moratín, Leandro, _d1760-1828. _915834 |
|
| 245 | 1 | 3 |
_aEl sí de las niñas / _cLeandro Fernández de Moratín ; edición María Teresa Barbadillo. |
| 260 |
_aMadrid, España : _bGrupo Anaya, _c1985. |
||
| 300 |
_a175 p. : _bil. ; _c19 cm. |
||
| 490 | 1 |
_aBiblioteca didáctica Anaya ; _v8 |
|
| 504 | _aBibliografía : p. 173-175. | ||
| 650 | 4 |
_aTeatro español _93071 |
|
| 650 | 4 |
_aComedia española _93085 |
|
| 650 | 4 |
_aLiteratura española _9632 |
|
| 700 | 1 |
_aBarbadillo, María Teresa, _eed. _915835 |
|
| 830 | 0 |
_aBiblioteca didáctica Anaya ; _n8 _915836 |
|
| 049 | _aBNGR | ||
| 999 |
_c5407 _d5407 |
||